000 00197 a2200097 4500
001 2768
100 _aParker, t
245 _aIn No Mans, Land
260 _a
_bHarper & Row
_c
090 _c2063
_d2063
942 _aNUST-CAE
_cM
_c11814
999 _c237841
_d237841